000
00273nam a2200121Ia 4500
008
191201s2019 xx 000 0 und d
100
_a
AASARAM
245
0
_a
Panchamart
260
_a
N. Delhi
_b
Yog Vedant Samiti
300
_a
432
650
_a
General Books
942
_2
ddc
_c
BK
999
_c
719
_d
719